Statistics for Last Kiss (TV) - Taylor Swift (All Lyrics)

Click here to take the quiz!

General Stats

  • This quiz has been taken 23 times
  • The average score is 337 of 407

Answer Stats

Lyrics% Correct
have
100%
I
100%
kiss
100%
last
100%
the
100%
The
100%
a
95%
do
95%
in
95%
me,
95%
me
95%
never
95%
on
95%
thought
95%
to
95%
we'd
95%
you,
95%
You
95%
you
95%
your
95%
Your
95%
And
90%
and
90%
for
90%
I'll
90%
I'm
90%
Just
90%
just
90%
like
90%
So
90%
so
90%
That
90%
that
90%
this
90%
us
90%
1:58
85%
be
85%
darkness
85%
end
85%
face
85%
feel
85%
How
85%
how
85%
imagined
85%
know
85%
life
85%
look
85%
pictures
85%
remember
85%
sleep
85%
still
85%
used
85%
watch
85%
All
80%
are
80%
at
80%
can
80%
don't
80%
friends
80%
is
80%
It
80%
miss
80%
of
80%
somethin'
80%
where
80%
ask
75%
breathe
75%
clothes
75%
floor
75%
forget
75%
go
75%
Hope
75%
hope
75%
it's
75%
Lit
75%
nice
75%
old
75%
our
75%
Sit
75%
them
75%
through
75%
up
75%
wearin'
75%
with
75%
you're
75%
but
70%
But
70%
dancin',
70%
day
70%
forever
70%
Forever
70%
keep
70%
lips
70%
lips,
70%
middle
70%
my
70%
name
70%
name,
70%
not
70%
plan
70%
was
70%
beautiful
65%
change
65%
changing
65%
hands
65%
heart
65%
July
65%
love
65%
loved
65%
mind
65%
much
65%
off
65%
planned
65%
rain
65%
ran
65%
saying
65%
There's
65%
told
65%
walk
65%
weather
65%
when
65%
again
60%
Away
60%
away?
60%
beat
60%
Because
60%
did
60%
eyes
60%
father
60%
handshake
60%
I'd
60%
interruptions
60%
now,
60%
now
60%
party,
60%
pockets
60%
recall
60%
rude
60%
smell
60%
something
60%
whispered
60%
why
60%
wish
60%
words
60%
you'd
60%
arms
55%
had
55%
jumps
55%
ninth,
55%
plane
55%
pull
55%
reminds
55%
shines
55%
shirt,
55%
showin'
55%
stayed
55%
sun
55%
then
55%
those
55%
time
55%
Fresh
50%
meetin'
50%
pavement,
50%
roll
50%
step
50%
swing
45%
mmm
25%

Score Distribution

Percentile by Number Answered

Percent of People with Each Score

Your Score History

You have not taken this quiz